[Event "Hoogovens"]
[Site "Wijk aan Zee NED"]
[Date "1999.01.25"]
[Round "8"]
[White "Van Wely,L"]
[Black "Shirov,A"]
[Result "1/2-1/2"]
[WhiteElo "2632"]
[BlackElo "2726"]

1. d4 Nf6 2. c4 g6 3. Nc3 d5 4. cxd5 Nxd5 5. e4 Nxc3 6. bxc3 Bg7 7. Nf3 c5
8. Rb1 O-O 9. Be2 cxd4 10. cxd4 Qa5+ 11. Bd2 Qxa2 12. O-O Bg4 13. Be3 Nc6
14. d5 Na5 15. Bg5 Qa3 16. Bd2 Bc3 17. Bc1 Qd6 18. e5 Qd7 19. Bd2 Rfc8 20.
Bxc3 Rxc3 21. Qd4 Bxf3 22. Bxf3 Rac8 23. Qxa7 Rxf3 24. gxf3 Qxd5 25. f4 Nc6
26. Qxb7 Rb8 27. Qc7 Rxb1 28. Rxb1 Nd4 29. Qb7 Ne2+ 30. Kf1 Qd3 31. Qb5
Nxf4+ 32. Qxd3 Nxd3 33. Rb5 Nf4 34. f3 Kg7 35. Kf2 g5 36. Ke3 e6 37. Ke4
Ng6 38. Rb8 h6 39. Ra8 Nf4 40. h4 Ng6 41. hxg5 hxg5 42. Ra1 Nf4 1/2-1/2

[Event "Hoogovens"]
[Site "Wijk aan Zee NED"]
[Date "1999.01.25"]
[Round "8"]
[White "Kramnik,V"]
[Black "Sokolov,I"]
[Result "1/2-1/2"]
[WhiteElo "2751"]
[BlackElo "2624"]

1. d4 Nf6 2. c4 g6 3. Nc3 d5 4. cxd5 Nxd5 5. e4 Nxc3 6. bxc3 Bg7 7. Bc4 O-O
8. Ne2 c5 9. O-O Nc6 10. Be3 Bd7 11. Rb1 a6 12. dxc5 Qc7 13. Nd4 Na5 14.
Be2 Rfc8 15. f4 e5 16. fxe5 Qxe5 17. Bd3 Qe7 18. Nb3 1/2-1/2

[Event "Hoogovens"]
[Site "Wijk aan Zee NED"]
[Date "1999.01.25"]
[Round "8"]
[White "Kasparov,G"]
[Black "Kasimdzhanov,R"]
[Result "1-0"]
[WhiteElo "2812"]
[BlackElo "2606"]

1. d4 Nf6 2. c4 g6 3. g3 Bg7 4. Bg2 d5 5. cxd5 Nxd5 6. e4 Nb6 7. Ne2 O-O 8.
O-O Nc6 9. d5 Na5 10. Nbc3 c6 11. b3 cxd5 12. exd5 Bg4 13. Bd2 e6 14. dxe6
Bxe6 15. Ne4 Nc6 16. Bg5 Qxd1 17. Raxd1 h6 18. Be3 Rad8 19. Nd6 Bg4 20. f3
Bc8 21. Bc5 Bf6 22. f4 Bg4 23. Ne4 Bxe2 24. Nxf6+ Kg7 25. Rxd8 Rxd8 26. Re1
Rd2 27. Ne8+ Kg8 28. Nd6 Nd7 29. Be3 Rxa2 30. Bd5 Nd8 31. b4 Rb2 32. f5
gxf5 33. Nxf5 Ne6 34. Bc1 Rb1 35. Be4 Ra1 36. Ne7+ 1-0

[Event "Hoogovens"]
[Site "Wijk aan Zee NED"]
[Date "1999.01.26"]
[Round "9"]
[White "Timman,J"]
[Black "Svidler,P"]
[Result "1/2-1/2"]
[WhiteElo "2670"]
[BlackElo "2713"]

1. d4 Nf6 2. c4 g6 3. Nc3 d5 4. Nf3 Bg7 5. Bg5 Ne4 6. Bf4 Nxc3 7. bxc3 c5
8. e3 Nc6 9. cxd5 Qxd5 10. Qb3 Be6 11. Qxb7 O-O 12. Bb5 Nb4 13. Qxd5 Nxd5
14. Bc6 Rac8 15. Bxd5 Bxd5 16. O-O cxd4 17. cxd4 Rc2 18. a4 f6 19. Rfc1
Rfc8 20. Rxc2 Rxc2 21. Bb8 a6 22. h3 Bf8 23. a5 e6 24. Rb1 Rc4 25. Ba7 Bb4
26. Bb6 Be4 27. Ra1 Rc2 28. Rb1 Rc4 29. Ra1 Rc2 30. Rb1 1/2-1/2

[Event "Hoogovens"]
[Site "Wijk aan Zee NED"]
[Date "1999.01.26"]
[Round "9"]
[White "Shirov,A"]
[Black "Yermolinsky,A"]
[Result "1-0"]
[WhiteElo "2726"]
[BlackElo "2597"]

1. e4 c6 2. d4 d5 3. e5 Bf5 4. Nc3 e6 5. g4 Bg6 6. Nge2 c5 7. h4 h5 8. Nf4
Bh7 9. Nxh5 cxd4 10. Nb5 Nc6 11. Nxd4 Nxd4 12. Qxd4 Ne7 13. Qa4+ Nc6 14.
Bg5 Qa5+ 15. Qxa5 Nxa5 16. f4 Rc8 17. Bb5+ Nc6 18. O-O-O a6 19. Bd3 Bxd3
20. Rxd3 Nb4 21. Rb3 Rxc2+ 22. Kb1 Rg2 23. Rc1 d4 24. a3 1-0

[Event "Hoogovens"]
[Site "Wijk aan Zee NED"]
[Date "1999.01.26"]
[Round "9"]
[White "Reinderman,D"]
[Black "Ivanchuk,V"]
[Result "0-1"]
[WhiteElo "2541"]
[BlackElo "2714"]

1. e4 c5 2. Ne2 Nc6 3. d4 cxd4 4. Nxd4 e6 5. Nc3 a6 6. Nxc6 bxc6 7. Bd3 d5
8. O-O Nf6 9. Re1 Bb7 10. e5 Nd7 11. Na4 c5 12. c4 d4 13. b3 Qc7 14. Bf4 f5
15. Qd2 Qc6 16. f3 Rg8 17. h4 h6 18. h5 Be7 19. Qe2 g6 20. hxg6 Nf8 21. g7
Rxg7 22. Bxh6 Rg8 23. Bxf8 Kxf8 24. Kf1 Rh8 25. Qf2 Qc7 26. Qg3 Rh6 27. Qf4
Kg7 28. Ke2 Rah8 29. Rg1 Rg6 30. g4 Bg5 31. Qg3 Bh4 32. Qf4 Bg5 33. Qg3 f4
34. Qf2 Bh4 35. Qg2 Qxe5+ 36. Be4 Bxe4 37. fxe4 f3+ 38. Qxf3 Rf6 0-1

[Event "Hoogovens"]
[Site "Wijk aan Zee NED"]
[Date "1999.01.26"]
[Round "9"]
[White "Piket,Je"]
[Black "Topalov,V"]
[Result "1-0"]
[WhiteElo "2619"]
[BlackElo "2700"]

1. d4 Nf6 2. c4 c5 3. d5 b5 4. cxb5 a6 5. bxa6 g6 6. Nc3 Bxa6 7. Nf3 Bg7 8.
g3 d6 9. Bg2 Nbd7 10. Rb1 O-O 11. O-O Nb6 12. b3 Ra7 13. a4 Qa8 14. Nh4 Rb8
15. Bb2 Nbd7 16. Ba1 Ne5 17. Qc2 Rab7 18. Rfd1 Qa7 19. Bf1 Ne8 20. Ne4 Rb6
21. Nd2 Nd7 22. Bxg7 Kxg7 23. Nhf3 Nef6 24. e4 Rb4 25. Bxa6 Qxa6 26. Nc4
Nb6 27. Nfd2 Nfd7 28. Na3 Nf6 29. Qc3 Nbd7 30. Nc2 R4b7 31. Nc4 Kg8 32. f3
Ra8 33. Rb2 Nb6 34. N2e3 Nxc4 35. Nxc4 Rb4 36. e5 dxe5 37. Qxe5 Qb7 38. d6
Qxf3 39. Rf1 Qe4 40. dxe7 Qxe5 41. Nxe5 Re4 42. Rd2 Re8 43. Nc4 Re6 44.
Rxf6 1-0

[Event "Hoogovens"]
[Site "Wijk aan Zee NED"]
[Date "1999.01.26"]
[Round "9"]
[White "Kasimdzhanov,R"]
[Black "Van Wely,L"]
[Result "1-0"]
[WhiteElo "2606"]
[BlackElo "2632"]

1. d4 Nf6 2. c4 c6 3. Nc3 d5 4. e3 e6 5. Nf3 Nbd7 6. Bd3 dxc4 7. Bxc4 b5 8.
Be2 Bb7 9. e4 b4 10. e5 bxc3 11. exf6 Nxf6 12. bxc3 Be7 13. Rb1 Qc7 14. Bf4
Qxf4 15. Rxb7 Qd6 16. Ne5 O-O 17. Bf3 c5 18. O-O cxd4 19. Qxd4 Qa3 20. Nc6
Bc5 21. Qc4 Bb6 22. g3 Rae8 23. Kg2 Nd5 24. Bxd5 exd5 25. Qxd5 Re2 26. Qf3
Qxa2 27. Nb4 Qc4 28. Nd5 Rc2 29. h4 h6 30. Ne7+ Kh8 31. Ng6+ fxg6 32. Qxf8+
Qg8 33. Rb8 Qxf8 34. Rxf8+ Kh7 35. Re1 g5 36. h5 Bc5 37. Rc8 Rxf2+ 38. Kh3
Bf8 39. Ree8 Kg8 40. c4 a5 41. c5 a4 42. c6 a3 43. Rxf8+ 1-0

[Event "Hoogovens"]
[Site "Wijk aan Zee NED"]
[Date "1999.01.28"]
[Round "10"]
[White "Van Wely,L"]
[Black "Sokolov,I"]
[Result "0-1"]
[WhiteElo "2632"]
[BlackElo "2624"]

1. Nf3 Nf6 2. c4 e6 3. Nc3 Bb4 4. g3 O-O 5. Bg2 d5 6. Qb3 Nc6 7. d4 Ne4 8.
cxd5 Qxd5 9. Qxb4 Nxb4 10. Nxd5 Nc2+ 11. Kd1 Nxa1 12. Nxc7 Nxf2+ 13. Ke1
Nxh1 14. Nxa8 Bd7 15. Nc7 Nc2+ 16. Kf1 Rc8 17. Bf4 h6 18. h4 e5 19. dxe5
Rxc7 20. e6 Ne3+ 21. Bxe3 Nxg3+ 22. Ke1 Bxe6 23. Bf4 Rc2 24. Bxg3 Rxb2 25.
a3 Bd5 26. Bd6 b5 27. Bb4 Ra2 28. Kf2 a5 29. Bxa5 Rxa3 30. Be1 Ra4 31. Bf1
b4 32. Nd4 b3 33. Bc3 Ra2 34. Bh3 g6 0-1

[Event "Hoogovens"]
[Site "Wijk aan Zee NED"]
[Date "1999.01.28"]
[Round "10"]
[White "Topalov,V"]
[Black "Shirov,A"]
[Result "1/2-1/2"]
[WhiteElo "2700"]
[BlackElo "2726"]

1. e4 e6 2. d4 d5 3. Nc3 Nf6 4. e5 Nfd7 5. f4 c5 6. Nf3 Nc6 7. Be3 a6 8.
Qd2 b5 9. Be2 Bb7 10. a3 Rc8 11. Nd1 cxd4 12. Nxd4 Bc5 13. c3 Na5 14. Qc2
Nc6 15. Qd3 g5 16. Nxc6 Rxc6 17. Nf2 Bxe3 18. Qxe3 Qb6 19. Qxb6 Rxb6 20.
Nd3 gxf4 21. O-O Rg8 22. Rf2 Rg5 23. h4 Rg3 24. Bf3 Rc6 25. Rc1 Ke7 26. Kh2
Rg8 27. Rcf1 Rc4 28. Bh5 f6 29. exf6+ Nxf6 30. Bd1 f3 31. Bxf3 Rxh4+ 32.
Kg1 Kd6 33. Bd1 Ne4 34. Rf8 Ng3 35. Rxg8 Rh1+ 36. Kf2 Rxf1+ 37. Ke3 Nf5+
38. Kd2 Rg1 39. Bf3 Nh4 40. Rd8+ Kc7 41. Rh8 Nxf3+ 42. gxf3 Rh1 43. Ke3 a5
44. f4 Bc6 45. Ne5 b4 46. axb4 axb4 47. cxb4 Ba4 48. Ra8 Bc2 49. Ra6 Bf5
50. b5 Rc1 51. Nf3 Rd1 52. Rc6+ Kb7 53. Ne5 d4+ 54. Ke2 Rh1 55. b4 h5 56.
Nc4 d3+ 57. Kf3 Kb8 58. Nd6 d2 1/2-1/2

[Event "Hoogovens"]
[Site "Wijk aan Zee NED"]
[Date "1999.01.28"]
[Round "10"]
[White "Reinderman,D"]
[Black "Piket,Je"]
[Result "1/2-1/2"]
[WhiteElo "2541"]
[BlackElo "2619"]

1. e4 e5 2. Nf3 Nc6 3. Bb5 a6 4. Bxc6 dxc6 5. O-O Qd6 6. Na3 b5 7. c3 c5 8.
Nc2 Bb7 9. Re1 Ne7 10. a4 Ng6 11. axb5 axb5 12. Rxa8+ Bxa8 13. d4 exd4 14.
cxd4 Be7 15. Qe2 Bc6 16. dxc5 Qxc5 17. Ncd4 O-O 18. Nxc6 Qxc6 19. Nd4 Qb6
20. Nxb5 Rb8 21. Nc3 c6 22. Kh1 Bh4 23. g3 Bf6 24. f4 Bd4 25. Qc4 h6 26.
Kg2 Ne7 27. e5 c5 28. e6 Qc6+ 29. Kh3 f5 30. Qe2 Rb3 31. Qd1 Qb7 32. Qc2
Bf6 33. Qg2 Qb4 34. Qe2 Qb7 35. Qg2 Qb4 36. Qe2 1/2-1/2

[Event "Hoogovens"]
[Site "Wijk aan Zee NED"]
[Date "1999.01.28"]
[Round "10"]
[White "Ivanchuk,V"]
[Black "Svidler,P"]
[Result "1/2-1/2"]
[WhiteElo "2714"]
[BlackElo "2713"]

1. c4 e5 2. Nc3 Nf6 3. Nf3 Nc6 4. g3 Nd4 5. Bg2 Nxf3+ 6. Bxf3 Bb4 7. Na4 c6
8. O-O O-O 9. d4 e4 10. Bg2 d5 11. cxd5 cxd5 12. Qb3 Be7 13. Bf4 b6 14.
Rfc1 Ba6 15. Qd1 Nh5 16. Bd2 1/2-1/2

[Event "Hoogovens"]
[Site "Wijk aan Zee NED"]
[Date "1999.01.29"]
[Round "11"]
[White "Timman,J"]
[Black "Kasparov,G"]
[Result "1/2-1/2"]
[WhiteElo "2670"]
[BlackElo "2812"]

1. e4 c5 2. Nf3 d6 3. d4 cxd4 4. Nxd4 Nf6 5. Nc3 a6 6. Be3 e6 7. g4 h6 8.
f4 e5 9. Nf5 h5 10. gxh5 exf4 11. Bxf4 Nxh5 12. Nxd6+ Bxd6 13. Bxd6 Qh4+
14. Kd2 Qg5+ 15. Ke1 Qh4+ 16. Kd2 1/2-1/2

[Event "Hoogovens"]
[Site "Wijk aan Zee NED"]
[Date "1999.01.29"]
[Round "11"]
[White "Svidler,P"]
[Black "Kramnik,V"]
[Result "1/2-1/2"]
[WhiteElo "2713"]
[BlackElo "2751"]

1. e4 c5 2. Nf3 Nc6 3. d4 cxd4 4. Nxd4 Nf6 5. Nc3 e5 6. Ndb5 d6 7. Bg5 a6
8. Na3 b5 9. Bxf6 gxf6 10. Nd5 f5 11. c3 Bg7 12. exf5 Bxf5 13. Nc2 O-O 14.
Nce3 Be6 15. Bd3 f5 16. O-O Ra7 17. a4 Ne7 18. Nxe7+ Rxe7 19. axb5 axb5 20.
Bxb5 d5 21. Nc2 Rb7 22. Bc6 Rxb2 23. Ra8 Qd6 24. Ra6 Qc5 25. Nb4 Qxc3 26.
Bxd5 Qxb4 27. Bxe6+ 1/2-1/2

[Event "Hoogovens"]
[Site "Wijk aan Zee NED"]
[Date "1999.01.29"]
[Round "11"]
[White "Sokolov,I"]
[Black "Yermolinsky,A"]
[Result "1-0"]
[WhiteElo "2624"]
[BlackElo "2597"]

1. d4 Nf6 2. c4 e6 3. Nc3 d5 4. Bg5 Be7 5. Nf3 O-O 6. Qc2 Ne4 7. Bxe7 Qxe7
8. e3 Nxc3 9. Qxc3 c6 10. Bd3 Nd7 11. O-O dxc4 12. Qxc4 e5 13. Qc2 h6 14.
Rae1 exd4 15. exd4 Qd6 16. Bc4 Nf6 17. Ne5 Nd5 18. Qb3 Rd8 19. f4 b5 20.
Bxd5 Qxd5 21. Qxd5 Rxd5 22. Nxc6 Kf8 23. Re5 Rd6 24. Rc5 Bd7 25. d5 Bxc6
26. dxc6 a6 27. c7 Rc8 28. b3 Ke7 29. Rfc1 Rd2 30. Kf1 Rxa2 31. Rd5 g5 32.
f5 1-0

[Event "Hoogovens"]
[Site "Wijk aan Zee NED"]
[Date "1999.01.29"]
[Round "11"]
[White "Kasimdzhanov,R"]
[Black "Topalov,V"]
[Result "1/2-1/2"]
[WhiteElo "2606"]
[BlackElo "2700"]

1. e4 c5 2. Nf3 d6 3. d4 cxd4 4. Qxd4 Nc6 5. Bb5 Bd7 6. Bxc6 Bxc6 7. Nc3
Nf6 8. Bg5 e6 9. O-O-O Be7 10. Qd3 Qa5 11. Bd2 Qc7 12. Nd4 a6 13. f4 b5 14.
e5 dxe5 15. fxe5 Nd7 16. Nxc6 Qxc6 17. Qg3 g6 18. Bg5 Bxg5+ 19. Qxg5 b4 20.
Ne2 Rc8 21. Nd4 Qc4 22. Kb1 O-O 23. h4 f6 24. exf6 e5 25. Nf3 Nxf6 26. Rc1
e4 27. Nd2 Qe6 1/2-1/2

[Event "Hoogovens"]
[Site "Wijk aan Zee NED"]
[Date "1999.01.29"]
[Round "11"]
[White "Anand,V"]
[Black "Van Wely,L"]
[Result "1-0"]
[WhiteElo "2781"]
[BlackElo "2632"]

1. e4 c5 2. Nc3 Nc6 3. Nf3 g6 4. d4 cxd4 5. Nxd4 Bg7 6. Be3 Nf6 7. Bc4 Qa5
8. O-O O-O 9. Nb3 Qc7 10. Bg5 a6 11. Be2 e6 12. Qd2 b5 13. a3 Rb8 14. Rfd1
b4 15. axb4 Nxb4 16. Bf4 e5 17. Bg5 d6 18. Na5 Be6 19. b3 h6 20. Bxf6 Bxf6
21. Bc4 Bg5 22. Qe2 Bc8 23. Nd5 Nxd5 24. Bxd5 Rb5 25. Nc4 Kg7 26. Nb2 f5
27. Bc4 Rc5 28. Na4 Rc6 29. Nc3 Qa7 30. Kh1 Bh4 31. f3 Qf2 32. Qd3 Bg5 33.
exf5 gxf5 34. Nd5 f4 35. Rd2 Qc5 36. Qe2 Be6 37. Rdd1 a5 38. Rd2 Bf7 39.
Qd1 Rd8 40. Ra4 Rcc8 41. Nc3 Bg6 42. Rd5 Qe3 43. Ne2 Bf7 44. Rd3 Qb6 45.
Bxf7 Kxf7 46. Nc3 Be7 47. Ne4 Rg8 48. c4 Rg6 49. Ra2 Qb4 50. Ra4 Qb6 51.
Rd5 Rcg8 52. Ra2 a4 53. bxa4 Qc6 54. c5 dxc5 55. Rxe5 Rd8 56. Qc1 c4 57. h3
Ke8 58. Re2 Rd7 59. Nc5 Rc7 60. Qxc4 1-0

[Event "Hoogovens"]
[Site "Wijk aan Zee NED"]
[Date "1999.01.30"]
[Round "12"]
[White "Yermolinsky,A"]
[Black "Anand,V"]
[Result "1/2-1/2"]
[WhiteElo "2597"]
[BlackElo "2781"]

1. d4 d5 2. c4 dxc4 3. Nf3 a6 4. e3 e6 5. Bxc4 c5 6. O-O Nf6 7. dxc5 Qxd1
8. Rxd1 Bxc5 9. b3 Nbd7 10. Bb2 b6 11. Nbd2 Bb7 12. Be2 O-O 13. Nc4 Bd5 14.
Nfe5 b5 15. Nxd7 Nxd7 16. e4 Bxe4 17. Rxd7 bxc4 18. Bxc4 Rfc8 19. Rad1 Bf8
1/2-1/2

[Event "Hoogovens"]
[Site "Wijk aan Zee NED"]
[Date "1999.01.30"]
[Round "12"]
[White "Van Wely,L"]
[Black "Timman,J"]
[Result "0-1"]
[WhiteElo "2632"]
[BlackElo "2670"]

1. Nf3 Nf6 2. c4 e6 3. Nc3 Bb4 4. g4 h6 5. Rg1 b6 6. h4 Bb7 7. g5 hxg5 8.
hxg5 Ne4 9. Qc2 Nxc3 10. dxc3 Bd6 11. Be3 Nc6 12. Nd2 Bh2 13. Rg2 Ne7 14.
Nf3 Bd6 15. Rg4 Ng6 16. O-O-O Qe7 17. Bg2 O-O-O 18. Qa4 a6 19. Nd4 Bxg2 20.
Rxg2 Kb7 21. Rg4 Ne5 22. Re4 f5 23. gxf6 gxf6 24. Nb3 c5 25. Bf4 Bc7 26.
Nd2 d5 27. cxd5 exd5 28. Re3 Rh4 29. Nf3 b5 0-1

[Event "Hoogovens"]
[Site "Wijk aan Zee NED"]
[Date "1999.01.30"]
[Round "12"]
[White "Topalov,V"]
[Black "Sokolov,I"]
[Result "1/2-1/2"]
[WhiteElo "2700"]
[BlackElo "2624"]

1. e4 e5 2. Nf3 Nc6 3. Bb5 Nf6 4. O-O Nxe4 5. d4 Nd6 6. Bxc6 dxc6 7. dxe5
Nf5 8. Qxd8+ Kxd8 9. Nc3 Ke8 10. h3 a5 11. Re1 Bb4 12. Bd2 Be6 13. Rad1 Rd8
14. a3 Bxc3 15. Bxc3 Rxd1 16. Rxd1 Bd5 17. Nd4 Nxd4 18. Rxd4 b6 19. f4 f5
20. exf6 gxf6 21. f5 Rg8 22. g4 h5 23. Kf2 hxg4 24. hxg4 Kf7 25. Bd2 Re8
26. Bf4 Re4 27. Rxe4 Bxe4 28. Bxc7 1/2-1/2

[Event "Hoogovens"]
[Site "Wijk aan Zee NED"]
[Date "1999.01.30"]
[Round "12"]
[White "Ivanchuk,V"]
[Black "Kramnik,V"]
[Result "1/2-1/2"]
[WhiteElo "2714"]
[BlackElo "2751"]

1. e4 e5 2. Nf3 Nf6 3. Nxe5 d6 4. Nf3 Nxe4 5. d3 Nf6 6. d4 Be7 7. Bd3 O-O
8. O-O Bg4 9. Nbd2 c5 10. h3 Bh5 11. dxc5 dxc5 12. Ne4 Nc6 1/2-1/2

[Event "Hoogovens"]
[Site "Wijk aan Zee NED"]
[Date "1999.01.30"]
[Round "12"]
[White "Reinderman,D"]
[Black "Kasimdzhanov,R"]
[Result "1/2-1/2"]
[WhiteElo "2541"]
[BlackElo "2606"]

1. e4 e5 2. Nf3 Nf6 3. Nxe5 d6 4. Nf3 Nxe4 5. Qe2 Qe7 6. d3 Nf6 7. Bg5 Nbd7
8. Nc3 Qxe2+ 9. Bxe2 h6 10. Bh4 g5 11. Bg3 Nh5 12. Nd5 Kd8 13. h4 g4 14.
Nd2 Nb6 15. Nf4 Nxg3 16. fxg3 Bg7 17. O-O-O Re8 18. Rde1 Bd4 19. Rhf1 Be3
20. Nh5 f5 21. Ng7 Re5 22. c3 c5 23. Kc2 d5 24. d4 cxd4 25. Bd3 dxc3 26.
bxc3 d4 27. Nxf5 Rc5 28. Nxe3 Rxc3+ 29. Kb2 Na4+ 30. Ka1 dxe3 31. Rxe3 Nc5
32. Rd1 Rxd3 33. Rxd3+ Nxd3 34. Ne4 Bf5 35. Rxd3+ Ke7 36. Re3 Rd8 37. Kb2
Kf7 38. Kc3 Rd1 39. a3 Kg6 40. Kc4 b6 41. Nc3 Rd2 42. Nd5 Kf7 43. Re7+ Kf8
44. Re5 Bg6 45. Nf4 Bf7+ 1/2-1/2

[Event "Hoogovens"]
[Site "Wijk aan Zee NED"]
[Date "1999.01.31"]
[Round "13"]
[White "Svidler,P"]
[Black "Van Wely,L"]
[Result "1/2-1/2"]
[WhiteElo "2713"]
[BlackElo "2632"]

1. e4 c5 2. Nf3 Nc6 3. Nc3 g6 4. d4 cxd4 5. Nxd4 Bg7 6. Be3 Nf6 7. Bc4 O-O
8. Bb3 d6 9. f3 Bd7 10. Qd2 Rc8 11. O-O-O Ne5 12. Kb1 Nc4 13. Bxc4 Rxc4 14.
g4 Qc7 15. g5 Nh5 16. Nd5 Qd8 17. Ne2 Be6 18. Ng3 Bxd5 19. exd5 Qd7 20. b3
Rc7 21. Nxh5 gxh5 22. Bd4 Bxd4 23. Qxd4 Rfc8 24. Rd2 Qf5 25. Rc1 b5 26. f4
a5 27. Re2 Rc5 28. Qd2 Rxd5 29. Qxa5 e6 1/2-1/2

[Event "Hoogovens"]
[Site "Wijk aan Zee NED"]
[Date "1999.01.31"]
[Round "13"]
[White "Anand,V"]
[Black "Topalov,V"]
[Result "1-0"]
[WhiteElo "2781"]
[BlackElo "2700"]

1. e4 c5 2. Nf3 d6 3. d4 cxd4 4. Nxd4 Nf6 5. Nc3 a6 6. f3 b5 7. a4 b4 8.
Nd5 Nxd5 9. exd5 g6 10. Be3 Bb7 11. Bc4 Qc7 12. Bb3 Nd7 13. Qd2 Nf6 14. Ne2
a5 15. O-O-O Rc8 16. Nd4 Bg7 17. Nb5 Qd8 18. g4 Nd7 19. Kb1 Nc5 20. h4 h5
21. Bd4 Kf8 22. Rhg1 Qd7 23. Bxg7+ Kxg7 24. Nd4 Nxb3 25. cxb3 Kf8 26. Nc2
hxg4 27. fxg4 Rxh4 28. Ne3 e5 29. Qf2 Qe7 30. Rh1 Rxh1 31. Rxh1 Qg5 32. Rh7
Rc7 33. Ka2 Ba6 34. Qh2 Bd3 35. Rh8+ Ke7 36. Ra8 Qf6 37. g5 Qg7 38. Qd2 e4
39. Ng4 Rd7 40. Nf6 Rd8 41. Qc1 1-0